A Tale told twice / (Record no. 111266)
[ view plain ]
| 000 -LEADER | |
|---|---|
| fixed length control field | 00509nam a2200229 a 4500 |
| 001 - CONTROL NUMBER | |
| control field | 3201 |
| 005 - DATE AND TIME OF LATEST TRANSACTION | |
| control field | 20140414131912.0 |
| 008 - FIXED-LENGTH DATA ELEMENTS--GENERAL INFORMATION | |
| fixed length control field | 040201s19uu xx 00 eng d |
| 050 ## - LIBRARY OF CONGRESS CALL NUMBER | |
| Classification number | ER |
| Item number | T14 1994 |
| 100 ## - MAIN ENTRY--PERSONAL NAME | |
| Personal name | Connelly, Neil |
| 245 ## - TITLE STATEMENT | |
| Title | A Tale told twice / |
| Statement of responsibility, etc | Neil Connelly. |
| 260 ## - PUBLICATION, DISTRIBUTION, ETC. (IMPRINT) | |
| Name of publisher, distributor, etc | Ottenheimer, |
| Date of publication, distribution, etc | 1994. |
| 300 ## - PHYSICAL DESCRIPTION | |
| Extent | p. ; cm. |
| Withdrawn status | Lost status | Damaged status | Home library | Current library | Shelving location | Date acquired | Source of acquisition | Total Checkouts | Full call number | Barcode | Date last seen | Price effective from | Koha item type |
|---|---|---|---|---|---|---|---|---|---|---|---|---|---|
| Munich Library | Munich Library | Easy Reading Section | 02/01/2004 | ER T14 1994 | M1894 | 04/14/2014 | 04/14/2014 | Books | |||||
| Munich Library | Munich Library | Easy Reading Section | 06/04/2010 | ER T14 1994 | M2831 | 04/14/2014 | 04/14/2014 | Books | |||||
| Munich Library | Munich Library | Easy Reading Section | 06/04/2010 | ER T14 1994 | M2830 | 04/14/2014 | 04/14/2014 | Books | |||||
| Munich Library | Munich Library | Easy Reading Section | 06/04/2010 | ER T14 1994 | M2835 | 04/14/2014 | 04/14/2014 | Books | |||||
| Munich Library | Munich Library | Easy Reading Section | 06/04/2010 | ER T14 1994 | M2841 | 04/14/2014 | 04/14/2014 | Books | |||||
| Munich Library | Munich Library | Easy Reading Section | 10/27/2010 | ER T14 1994 | M3200 | 04/14/2014 | 04/14/2014 | Books | |||||
| Munich Library | Munich Library | Easy Reading Section | 10/27/2010 | ER T14 1994 | M3199 | 04/14/2014 | 04/14/2014 | Books | |||||
| Munich Library | Munich Library | Easy Reading Section | 10/27/2010 | ER T14 1994 | M3198 | 04/14/2014 | 04/14/2014 | Books |